000 00532nam a2200205Ia 4500
005 20240823050223.0
008 240823s9999||||xx |||||||||||||| ||und||
020 _a978-81-265-2398-6
041 _aENGLISH
082 _A624.175 Q0
100 _aArnold M Kuethe
245 0 _aFoundations of Aerodynamics Bases of Aerodynamics Design
250 _a5th
260 _c2010
_bYes Dee Publi
500 _aYES
650 _aAerodynamics
_bAeronautical Engineering
700 _a Cjuen-Yen Chow
942 _cBK
999 _c216752
_d216752